| 000 | 00489nam a2200157 a 4500 | ||
|---|---|---|---|
| 001 | 000026614 | ||
| 005 | 20200930030319.0 | ||
| 008 | 110324s1958 dr 000 0 spa d | ||
| 040 |
_aDO-SdBNP _bspa _cBNPHU |
||
| 082 |
_axxx _bA185s |
||
| 100 | 1 |
_aAcosta Carcino, J. F. _953723 |
|
| 245 | 1 | 3 |
_aEl saber y la verdad : _borĂgen, principio y destino del hombre / _cJ. F, Acosta Carcino. |
| 260 |
_aCiudad Trujillo : _bEditora del Caribe, _c1958. |
||
| 300 |
_a133 p. ; _c24 cm. |
||
| 049 | _aBNPD | ||
| 999 |
_c26106 _d26106 |
||